Central Library OPAC University of Rajshahi

قانون شیخ الرئیس ابوعلی سینا (ترجمۀ فارسی عبدالرحمن شرفکندی)، ;; Law of Shaykh al-Raees Abu Ali Sina (Persian translation by Abdul Rahman Sharafkandi), / (Record no. 85363)

MARC details
000 -LEADER
fixed length control field 00746nam a2200205 4500
001 - CONTROL NUMBER
control field 85363
003 - CONTROL NUMBER IDENTIFIER
rucl marc code BD-RjUL
005 - DATE AND TIME OF LATEST TRANSACTION
control field 20250729153939.0
008 - FIXED-LENGTH DATA ELEMENTS--GENERAL INFORMATION
fixed length control field 250729b |||||||| |||| 00| 0 eng d
035 ## - SYSTEM CONTROL NUMBER
System control number (BD-RjUL) 85363
040 ## - CATALOGING SOURCE
Original cataloging agency BD-RjUL
Language of cataloging eng
Transcribing agency BD-RjUL
041 ## - LANGUAGE CODE
Language code of text/sound track or separate title eng
082 ## - DEWEY DECIMAL CLASSIFICATION NUMBER
Classification number 610.9
Author mark and year HUQ 19?
245 ## - TITLE STATEMENT
Title قانون شیخ الرئیس ابوعلی سینا (ترجمۀ فارسی عبدالرحمن شرفکندی)، ;; Law of Shaykh al-Raees Abu Ali Sina (Persian translation by Abdul Rahman Sharafkandi), /
Statement of responsibility, etc. سید غلام حسین ;; Syed Ghulam Hussain
260 ## - PUBLICATION, DISTRIBUTION, ETC. (IMPRINT)
Place of publication, distribution, etc. Lakhnuw :
Name of publisher, distributor, etc. Matbah munshi,
300 ## - PHYSICAL DESCRIPTION
Pagination 132 p. ;
Size 32 cm
505 ## - FORMATTED CONTENTS NOTE
Formatted contents note Vol. 5.--
650 ## - SUBJECT ADDED ENTRY--TOPICAL TERM
Topical term or geographic name as entry element Islamic Medicine
Form subdivision History
9 (RLIN) 16337
942 ## - ADDED ENTRY ELEMENTS (KOHA)
Source of classification or shelving scheme Dewey Decimal Classification
Koha item type Books
Holdings
Lost status Source of classification or shelving scheme Damaged status Not for loan Collection code Permanent Location Current Location Shelving location Date acquired Cost, normal purchase price Full call number Date last seen Copy number Koha item type
  Dewey Decimal Classification   Not For Loan Non-fiction Central Library, University of Rajshahi Central Library, University of Rajshahi Reading Room 06/06/1955 35.00 U 610.9 HUQ 19? 29/07/2025 C-1 Books